Dangerous games : the uses and abuses of history /

Explores the ways in which history has been used to influence people and government, focusing on how reportage of past events has been manipulated to justify religious movements and political campaigns.

Saved in:
Bibliographic Details
Main Author: MacMillan, Margaret, 1943-
Format: Book
Language:English
Published: New York : Modern Library, 2009.
Edition:1st U.S. ed.
Series:Modern Library chronicles.
Subjects:
Tags: Add Tag
No Tags, Be the first to tag this record!
LEADER 01636cam a2200361Ia 4500
001 011982931-2
005 20090723134649.0
008 090430s2009 nyu b 001 0 eng d
020 |a 9780679643586 :  |c $22.00 
020 |a 0679643583 :  |c $22.00 
035 0 |a ocn236338865 
040 |a BTCTA  |c BTCTA  |d BAKER  |d YDXCP  |d OCO  |d OCP  |d WIM 
050 1 4 |a D16.8  |b .M251 2009 
082 0 4 |a 901  |2 22 
100 1 |a MacMillan, Margaret,  |d 1943- 
240 1 0 |a Uses and abuses of history 
245 1 0 |a Dangerous games :  |b the uses and abuses of history /  |c Margaret MacMillan. 
250 |a 1st U.S. ed. 
260 |a New York :  |b Modern Library,  |c 2009. 
300 |a xi, 188 p. ;  |c 22 cm. 
490 1 |a Modern Library chronicles book 
500 |a Originally published : The uses and abuses of history. Toronto : Viking Canada, 2008. 
500 |a Based on the Joanne Goodman lecture series of the University of Western Ontario. 
504 |a Includes bibliographical references (p. [173]-175) and index. 
520 |a Explores the ways in which history has been used to influence people and government, focusing on how reportage of past events has been manipulated to justify religious movements and political campaigns. 
505 0 0 |t The history craze --  |t History for comfort --  |t Who owns the past? --  |t History and identity --  |t History and nationalism --  |t Presenting history's bill --  |t History wars --  |t History as a guide. 
650 0 |a History  |x Philosophy. 
650 0 |a Historiography. 
650 0 |a Decision making. 
650 0 |a History  |x Errors, inventions, etc. 
830 0 |a Modern Library chronicles. 
988 |a 20090526 
906 |0 OCLC